| 000 | 00744nam a22002177a 4500 | ||
|---|---|---|---|
| 005 | 20180209163003.0 | ||
| 010 | _aB-593954 | ||
| 020 |
_a978-8181914644 _c825.00.00 |
||
| 035 | _aB-593954 | ||
| 037 | _bPansy Books | ||
| 082 | _a615.1 | ||
| 100 | _aSharma, H.L. | ||
| 245 |
_aPrinciples of pharmacology / _cby H.L.Sharma, and K.K.Sharma |
||
| 260 |
_aNew Delhi _bParas Medical Publishers; _c2014 |
||
| 270 |
_a 2/25, Grd Flr, Arun House, Ansari Rd, Darya Ganj, _bNew Delhi _e110002 |
||
| 300 |
_av.p. : _c27cm.(pbk) _bill. |
||
| 650 | _aPharmacology | ||
| 700 | _aSharma, K.K. | ||
| 942 |
_2ddc _cEN _h615.1 _mTEX |
||
| 999 |
_c149854 _d149854 |
||